[Event "ICS Rated standard match"]
[Site "204.178.125.65"]
[Date "2000.07.01"]
[Round "?"]
[White "Hossa"]
[Black "PostModernist"]
[Result "1/2-1/2"]
[WhiteElo "2276"]
[BlackElo "2437"]
[PlyCount "209"]
[EventDate "2000.??.??"]

1. e4 e5 2. Nf3 Nc6 3. Bb5 Nf6 4. Bxc6 dxc6 5. O-O Bc5 6. Nxe5 Nxe4 7. Qe2 Qd5
8. Nd3 O-O 9. Nxc5 Nxc5 10. Nc3 Qf5 11. d4 Ne6 12. Rd1 Re8 13. Ne4 Bd7 14. Ng3
Qg6 15. Be3 Nf4 16. Qd2 Nd5 17. Re1 h5 18. Nf1 Bh3 19. f3 a5 20. Bg5 f6 21. Be3
Nb4 22. Re2 Bf5 23. c3 Nd5 24. c4 Nb6 25. b3 a4 26. Rd1 Bb1 27. Rde1 Bd3 28.
Rf2 h4 29. Bf4 Rxe1 30. Qxe1 Qf7 31. Qd1 Bxf1 32. Qxf1 axb3 33. axb3 Ra3 34.
Qb1 Qe7 35. Bc1 Ra8 36. Qe4 Qxe4 37. fxe4 Ra1 38. Rc2 c5 39. d5 Nc8 40. Kf2 Nd6
41. Kf3 Rb1 42. Rc3 g6 43. h3 Kf7 44. Bd2 Rd1 45. Rd3 Ke8 46. Ke2 Rb1 47. Kf3
Nf7 48. Rc3 Ne5+ 49. Ke2 g5 50. Bc1 Kd7 51. Ba3 Kd6 52. Bc1 c6 53. Be3 Rb2+ 54.
Bd2 b5 55. cxb5 cxb5 56. Kd1 c4 57. bxc4 Nxc4 58. Rd3 Ra2 59. Bc3 Rxg2 60. Bxf6
Rf2 61. Bg7 Rf7 62. Bh8 Rf4 63. e5+ Nxe5 64. Bxe5+ Kxe5 65. d6 Rf8 66. Rb3 Rb8
67. d7 Ke6 68. Rxb5 Rxb5 69. d8=Q Rd5+ 70. Qxd5+ Kxd5 71. Ke1 Ke5 72. Kf1 Kf5
73. Ke1 g4 74. hxg4+ Kxg4 75. Kf1 Kf3 76. Kg1 Kg3 77. Kh1 Kg4 78. Kh2 Kf5 79.
Kh3 Kg5 80. Kg2 Kg6 81. Kh2 Kh6 82. Kh3 Kh5 83. Kg2 Kg5 84. Kh2 Kg4 85. Kg2 Kg5
86. Kh2 Kf4 87. Kh3 Kg5 88. Kg2 Kf6 89. Kh2 Kg5 90. Kh3 Kh5 91. Kg2 Kg4 92. Kh2
h3 93. Kg1 Kg5 94. Kh1 Kh5 95. Kh2 Kh4 96. Kg1 Kg4 97. Kh1 Kh5 98. Kh2 Kh4 99.
Kg1 Kg3 100. Kh1 Kf3 101. Kh2 Kg4 102. Kg1 Kf5 103. Kh1 Kg4 104. Kh2 Kf4 105.
Kxh3 1/2-1/2

[Event "ICS rated standard match"]
[Site "204.178.125.65"]
[Date "2000.07.01"]
[Round "?"]
[White "Amateur"]
[Black "Hossa"]
[Result "1-0"]
[WhiteElo "2339"]
[BlackElo "2283"]
[PlyCount "131"]
[EventDate "2000.??.??"]

1. e4 e5 2. Nf3 Nf6 3. Nc3 Bb4 4. Nxe5 d6 5. Nf3 O-O 6. d3 d5 7. e5 d4 8. a3
dxc3 9. axb4 cxb2 10. Bxb2 Qe7 11. c3 Bg4 12. d4 Nd5 13. Bd3 f6 14. Qc2 Bxf3
15. gxf3 fxe5 16. Bc4 c6 17. Qe4 Nd7 18. Bxd5+ cxd5 19. Qxd5+ Rf7 20. O-O-O
exd4 21. Qxb7 Qg5+ 22. Kb1 Nb6 23. Qe4 dxc3 24. Bxc3 Qb5 25. Rhg1 Re8 26. Qg4
Qc4 27. Qxc4 Nxc4 28. Ka2 Rc8 29. Kb3 Rfc7 30. Rd3 a6 31. f4 Nb6 32. f5 Ra7 33.
Rdg3 Rcc7 34. Be5 Rd7 35. f6 g6 36. Rc1 a5 37. Rc6 a4+ 38. Ka3 Rab7 39. h4 Rd2
40. h5 Kf7 41. hxg6+ hxg6 42. Rh3 Rdd7 43. Rh7+ Kf8 44. Rg7 Ke8 45. Bd4 Rxd4
46. Rxb7 Rd3+ 47. Ka2 Rd2+ 48. Kb1 Nd7 49. Re6+ Kf8 50. Re7 Nxf6 51. Rf7+ Kg8
52. Rxf6 g5 53. Rg6+ Kf8 54. Rxg5 Rd3 55. Ra5 Rd8 56. Rxa4 Rd1+ 57. Kc2 Rd8 58.
Raa7 Kg8 59. Rg7+ Kf8 60. Raf7+ Ke8 61. Rh7 Rc8+ 62. Kb3 Rd8 63. Ra7 Rd3+ 64.
Kc4 Rd7 65. Rhxd7 Kf8 66. Rd8# {Hossa checkmated} 1-0

[Event "ICS rated standard match"]
[Site "204.178.125.65"]
[Date "2000.07.01"]
[Round "?"]
[White "Hossa"]
[Black "PostModernist"]
[Result "1-0"]
[WhiteElo "2270"]
[BlackElo "2430"]
[PlyCount "167"]
[EventDate "2000.??.??"]

1. e4 e5 2. Nf3 Nc6 3. Bb5 f5 4. d3 d6 5. O-O Nf6 6. exf5 Bxf5 7. d4 e4 8. d5
Bd7 9. dxc6 bxc6 10. Ba6 exf3 11. Qxf3 Be7 12. Bb7 Rb8 13. Bxc6 O-O 14. Nc3 Rf7
15. b3 Bxc6 16. Qxc6 Rb6 17. Qa4 Qa8 18. Be3 c5 19. Qa3 Rb4 20. Qa6 Ng4 21.
Rad1 Rb6 22. Qd3 Qf8 23. Nd5 Ne5 24. Qd2 Ra6 25. c3 Rf5 26. Qe2 Ra3 27. Bc1 Ra5
28. f4 Ng6 29. Ne3 Rf6 30. g3 Bd8 31. Rd2 Qf7 32. Re1 Nf8 33. Red1 Bc7 34. Nd5
Re6 35. Qc4 Bd8 36. f5 Re8 37. b4 cxb4 38. cxb4 Ra4 39. Rf2 Kh8 40. Bf4 Qh5 41.
Rdf1 Bb6 42. Nxb6 axb6 43. Bxd6 Nd7 44. Qc6 Ra7 45. f6 gxf6 46. Bc7 Rc8 47.
Qxd7 Raxc7 48. Qd4 Qe5 49. Qxb6 Rc6 50. Qa7 R6c7 51. Qa6 Rc6 52. Qd3 Rb8 53.
Qd7 Rcb6 54. a3 Qe3 55. Ra1 Qc3 56. Qd1 Ra6 57. Rf3 Qb2 58. Rb1 Qe5 59. Qd7 Rd6
60. Qf7 Ra8 61. Rbb3 Rd1+ 62. Kg2 Rd2+ 63. Kh3 Rd6 64. Rbe3 Qg5 65. Re8+ Rxe8
66. Qxe8+ Qg8 67. Qxg8+ Kxg8 68. a4 Kf7 69. a5 Ke6 70. b5 Rd5 71. Rb3 Kd7 72.
b6 Kc8 73. a6 Kb8 74. Re3 Rd8 75. Re7 Rh8 76. a7+ Ka8 77. Rc7 f5 78. b7+ Kxa7
79. Rc8 Kxb7 80. Rxh8 Kc6 81. Rxh7 Kd5 82. Kh4 Ke4 83. Kg5 Ke3 84. Re7+ 1-0

[Event "ICS rated bullet match"]
[Site "204.178.125.65"]
[Date "2000.07.01"]
[Round "?"]
[White "Hossa"]
[Black "jazzchess2"]
[Result "1-0"]
[WhiteElo "2541"]
[BlackElo "1173"]
[PlyCount "27"]
[EventDate "2000.??.??"]

1. e4 g6 2. d4 Bg7 3. Nc3 c6 4. Nf3 d5 5. h3 Nf6 6. exd5 cxd5 7. Bb5+ Nc6 8.
Ne5 Bd7 9. Nxd7 Qxd7 10. O-O O-O 11. Bf4 e5 12. dxe5 Ne4 13. Nxe4 Qf5 14. Qxd5
{jazzchess2 resigns} 1-0

[Event "ICS rated bullet match"]
[Site "204.178.125.65"]
[Date "2000.07.01"]
[Round "?"]
[White "Hossa"]
[Black "lhg"]
[Result "1-0"]
[WhiteElo "2541"]
[BlackElo "2342"]
[PlyCount "155"]
[EventDate "2000.??.??"]

1. e4 e5 2. Nf3 Nc6 3. Bb5 a6 4. Ba4 d6 5. d4 b5 6. Bb3 Nxd4 7. Nxd4 exd4 8.
Bd5 Rb8 9. Bc6+ Bd7 10. Bxd7+ Qxd7 11. Qxd4 Nf6 12. O-O Be7 13. Nc3 O-O 14. Bd2
Ne8 15. Qa7 Rb6 16. Nd5 Rc6 17. Bc3 Bf6 18. Qb7 Bxc3 19. Qxc6 Qxc6 20. Ne7+ Kh8
21. Nxc6 Bxb2 22. Rab1 Bf6 23. Rb3 g6 24. Ra3 Ng7 25. Rxa6 Ne6 26. Ra5 h5 27.
Rxb5 Ra8 28. Rb8+ Rxb8 29. Nxb8 Kg7 30. Nc6 Nc5 31. f3 Bc3 32. h4 Na4 33. g3
Nc5 34. Rb1 Kf6 35. Kg2 Ke6 36. Nb4 Kd7 37. Nd5 Bg7 38. a3 Kc6 39. Rb8 Bd4 40.
c3 Be5 41. f4 Bg7 42. Rg8 Nxe4 43. Nb4+ Kc5 44. Rxg7 Nxc3 45. Rxf7 c6 46. Rc7
d5 47. Rxc6+ Kd4 48. Rxg6 Ke3 49. Rg5 d4 50. Rxh5 Ne2 51. Re5+ Kd2 52. Rxe2+
Kxe2 53. f5 d3 54. Nxd3 Kxd3 55. f6 Kc3 56. f7 Kb3 57. h5 Ka4 58. g4 Kxa3 59.
f8=B+ Kb3 60. Kh3 Kc4 61. Kh4 Kd5 62. Kg5 Ke6 63. Kg6 Kd7 64. Kg7 Ke8 65. Kg8
Kd7 66. g5 Ke6 67. Bg7 Kf5 68. Bh6 Kg4 69. g6 Kxh5 70. Kh7 Kg4 71. g7 Kf5 72.
g8=Q Ke4 73. Qc4+ Kf3 74. Bg5 Kg3 75. Qe2 Kh3 76. Bf4 Kh4 77. Qg2 Kh5 78. Qh3#
{lhg checkmated} 1-0

[Event "ICS Rated standard match"]
[Site "204.178.125.65"]
[Date "2000.07.01"]
[Round "?"]
[White "Amy"]
[Black "Hossa"]
[Result "0-1"]
[WhiteElo "2497"]
[BlackElo "2293"]
[PlyCount "156"]
[EventDate "2000.??.??"]

1. e4 c6 2. d4 g6 3. c3 d5 4. f3 dxe4 5. fxe4 Nf6 6. e5 Nd5 7. c4 Nb6 8. Nf3
Bg7 9. Be3 c5 10. dxc5 Qxd1+ 11. Kxd1 N6d7 12. Nc3 Nxe5 13. Nd5 Na6 14. Bd4 f6
15. Kc2 Nc6 16. Bf2 Bf5+ 17. Kb3 O-O-O 18. Re1 e6 19. Nc3 Bf8 20. Na4 e5 21.
Be2 Ncb4 22. Rc1 Bh6 23. Rcg1 Bc2+ 24. Ka3 e4 25. Nh4 Bd2 26. b3 Bd3 27. Bg4+
f5 28. Bh3 Nc2+ 29. Kb2 Bb4 30. Bg3 Ba3+ 31. Kc3 Nd4 32. Bd6 Ne2+ 33. Kd2 Nxg1
34. Rxg1 b6 35. Be5 Rhe8 36. Bb2 Bb4+ 37. Bc3 bxc5 38. Ke3 Kc7 39. Rd1 Bxc3 40.
Nxc3 Nb4 41. Rc1 Nc2+ 42. Kf4 Nd4 43. Ke3 Kb7 44. g3 a5 45. Nd5 Nc2+ 46. Kf4
Nb4 47. Nxb4 axb4 48. Ke3 Ra8 49. Ra1 Bc2 50. Nxf5 gxf5 51. Rf1 Rxa2 52. Rxf5
Bxb3 53. Rxc5 Ba4 54. Rh5 b3 55. Rxh7+ Ka8 56. Rh6 b2 57. Rb6 Ra3+ 58. Kf4 Rf3+
59. Kg5 Bb3 60. Bd7 Re5+ 61. Kg4 Ka7 62. Rb5 Rxb5 63. Bxb5 Rc3 64. Be8 Bxc4 65.
Kg5 e3 66. Bh5 e2 67. Bg6 Bd3 68. Bxd3 Rxd3 69. Kf5 Rxg3 70. Kf6 b1=R 71. hxg3
Rg1 72. g4 Rxg4 73. Kf5 Rh4 74. Ke5 e1=Q+ 75. Kf5 Kb7 76. Kf6 Rf4+ 77. Kg6 Qg3+
78. Kh5 Rh4# 0-1

[Event "ICS rated blitz match"]
[Site "204.178.125.65"]
[Date "2000.07.01"]
[Round "?"]
[White "Hossa"]
[Black "Amateur"]
[Result "0-1"]
[WhiteElo "2387"]
[BlackElo "2573"]
[PlyCount "122"]
[EventDate "2000.??.??"]

1. e4 c5 2. f4 e5 3. Bc4 exf4 4. Nf3 Nc6 5. O-O Na5 6. Be2 Nc6 7. Nc3 Nf6 8. d3
Bd6 9. Nd2 Be5 10. Nc4 Bd4+ 11. Kh1 O-O 12. Bxf4 Bxc3 13. bxc3 d5 14. exd5 Nxd5
15. Qd2 Nxf4 16. Qxf4 Be6 17. Bf3 Na5 18. Nd6 Qc7 19. Be4 Rab8 20. Qh4 g6 21.
Qg3 Rfd8 22. Ne8 Qxg3 23. Nf6+ Kg7 24. hxg3 Rd6 25. g4 h6 26. Rf4 Nc6 27. a4
Ne5 28. Bxb7 Rb6 29. Re1 Nxd3 30. cxd3 R6xb7 31. Kh2 Rb3 32. Rc1 Ra3 33. Kg1
Rd8 34. Rf3 Rxa4 35. Ne4 Rd5 36. c4 Re5 37. Nf6 Ra2 38. Kh2 a5 39. Ne8+ Kf8 40.
Nf6 a4 41. Rcf1 a3 42. Nh7+ Kg7 43. Nf6 Ree2 44. Rg1 Rac2 45. Ne8+ Kh8 46. Nf6
a2 47. Rff1 Re3 48. Rh1 Rxd3 49. Kg1 Kg7 50. g5 h5 51. Ne8+ Kh8 52. Nf6 Rb2 53.
Ne4 Rb1 54. Kf2 a1=Q 55. Rxb1 Qd4+ 56. Kf1 Rd1+ 57. Rxd1 Bxc4+ 58. Rd3 Bxd3+
59. Ke1 Qe3+ 60. Kd1 Qe2+ 61. Kc1 Qc2# {Hossa checkmated} 0-1

[Event "ICS rated standard match"]
[Site "204.178.125.65"]
[Date "2000.07.01"]
[Round "?"]
[White "Hossa"]
[Black "Amateur"]
[Result "1/2-1/2"]
[WhiteElo "2317"]
[BlackElo "2360"]
[PlyCount "153"]
[EventDate "2000.??.??"]

1. e4 c5 2. Nc3 d6 3. g3 Nc6 4. Bg2 g6 5. Nf3 Bg7 6. O-O Bg4 7. d3 Nd4 8. Be3
Nf6 9. Bxd4 cxd4 10. Nb5 Nd7 11. Qc1 Qb6 12. Na3 Rc8 13. Nc4 Qc5 14. Ng5 Bh6
15. f4 b5 16. Na3 Nb6 17. b3 O-O 18. Qb2 a5 19. Bf3 Bxf3 20. Nxf3 e5 21. Rf2
exf4 22. g4 Bg7 23. Raf1 d5 24. e5 Nd7 25. Re1 Rce8 26. Rfe2 Re7 27. Nb1 Rfe8
28. Qxd4 Qxd4+ 29. Nxd4 Nxe5 30. Kg2 Kf8 31. Rd2 Nc4 32. Rxe7 Nxd2 33. Rxe8+
Kxe8 34. Nxd2 Bxd4 35. c4 bxc4 36. bxc4 Be3 37. Nb1 dxc4 38. dxc4 Kd7 39. Kf3
Kd6 40. Ke4 Kc5 41. Kd3 Bg1 42. h4 Bf2 43. h5 Be1 44. Ke2 Bh4 45. Nd2 a4 46.
Kd3 Kb4 47. Ne4 gxh5 48. gxh5 f3 49. c5 Kb5 50. a3 Kc6 51. Ke3 f2 52. Ke2 Be7
53. Nc3 Bxc5 54. Kf1 Kb7 55. Kg2 Ka6 56. h6 Bxa3 57. Nxa4 Bf8 58. Nc3 Bxh6 59.
Kxf2 Bf8 60. Kf3 h6 61. Ne2 Kb5 62. Nd4+ Kc4 63. Ke4 h5 64. Nf3 Kb3 65. Ng5 Bd6
66. Nxf7 Be7 67. Ne5 Ka4 68. Nf3 Kb3 69. Ne5 Bf6 70. Kf5 h4 71. Kxf6 h3 72. Nd3
h2 73. Nf2 Kb4 74. Ke5 Kc4 75. Kf4 Kd4 76. Kg3 h1=Q 77. Nxh1 1/2-1/2

[Event "ICS rated standard match"]
[Site "204.178.125.65"]
[Date "2000.07.01"]
[Round "?"]
[White "PostModernist"]
[Black "Hossa"]
[Result "1/2-1/2"]
[WhiteElo "2407"]
[BlackElo "2319"]
[PlyCount "82"]
[EventDate "2000.??.??"]

1. d4 c5 2. d5 Nf6 3. Nc3 d6 4. Nf3 e6 5. e4 Be7 6. Bb5+ Bd7 7. dxe6 fxe6 8.
Bc4 O-O 9. e5 Ne8 10. Qe2 Qc8 11. Bg5 Nc6 12. exd6 Nxd6 13. Ne4 Nxc4 14. Qxc4
b5 15. Qxb5 Ne5 16. Qe2 Nxf3+ 17. gxf3 Bxg5 18. Nxg5 Rb8 19. O-O-O h6 20. Ne4
Bc6 21. Rhg1 Qb7 22. b3 Qe7 23. Qe3 c4 24. Qxh6 Rxf3 25. Nc5 cxb3 26. axb3 Bd5
27. Nd3 Bxb3 28. cxb3 Rxb3 29. Rxg7+ Qxg7 30. Qxe6+ Qf7 31. Rg1+ Kh7 32. Qe4+
Kh6 33. Qh4+ Qh5 34. Qd4 Qf7 35. Qh8+ Qh7 36. Rg6+ Kxg6 37. Ne5+ Kh6 38. Ng4+
Kg6 39. Ne5+ Kh6 40. Ng4+ Kg6 41. Ne5+ Kh6 1/2-1/2

[Event "ICS rated blitz match"]
[Site "204.178.125.65"]
[Date "2000.07.01"]
[Round "?"]
[White "dilworth"]
[Black "Hossa"]
[Result "1/2-1/2"]
[WhiteElo "2548"]
[BlackElo "2379"]
[PlyCount "284"]
[EventDate "2000.??.??"]

1. d4 c5 2. dxc5 e6 3. Nc3 Bxc5 4. Ne4 Qc7 5. Nxc5 Qxc5 6. Be3 Qb4+ 7. Qd2
Qxd2+ 8. Bxd2 Nf6 9. Nf3 Nc6 10. Bc3 O-O 11. Bxf6 gxf6 12. e4 a6 13. O-O-O Kg7
14. Rd6 Rg8 15. Be2 Kf8 16. g3 Ke7 17. Rhd1 Rg4 18. Nd2 Rg8 19. Nc4 b5 20. Nb6
Ra7 21. f4 Rc7 22. R1d2 Rb7 23. Nxc8+ Rxc8 24. Kb1 Rcc7 25. h3 a5 26. Kc1 Nb4
27. c3 Nxa2+ 28. Kb1 Nxc3+ 29. bxc3 Rxc3 30. Ra6 a4 31. Rb2 a3 32. Rb4 Rxg3 33.
Bxb5 Rf3 34. Ka2 Rxf4 35. Kxa3 f5 36. exf5 Rxf5 37. Bd3 Rxb4 38. Kxb4 Rf3 39.
Bb5 d5 40. Ra7+ Kf6 41. Be8 Kg7 42. Kc5 Kf8 43. Kd6 d4 44. Bc6 Rxh3 45. Ke5 d3
46. Ra8+ Kg7 47. Rd8 h6 48. Rd7 h5 49. Kf4 h4 50. Kg4 Rh2 51. Rxd3 Rc2 52. Bd7
Rc4+ 53. Kh3 Kf6 54. Be8 Ke7 55. Bb5 Rf4 56. Rd7+ Kf6 57. Rc7 Ke5 58. Be8 f6
59. Bf7 Kf5 60. Re7 e5 61. Bd5 Kg6 62. Re8 Kg5 63. Rg8+ Kh6 64. Bf7 Kh7 65. Re8
Kg7 66. Bd5 Kg6 67. Re7 Kg5 68. Rg7+ Kh6 69. Rg8 e4 70. Bf7 Kh7 71. Re8 f5 72.
Re6 Kg7 73. Bh5 Kh8 74. Re7 Kg8 75. Kg2 Kf8 76. Rf7+ Kg8 77. Rf6 Kh8 78. Re6
Kg7 79. Kh2 Rf1 80. Kh3 Rf4 81. Kg2 Kf8 82. Kh2 Rf1 83. Kh3 Rf4 84. Be8 Rg4 85.
Bg6 Rf4 86. Re8+ Kg7 87. Re6 e3 88. Bxf5 Rxf5 89. Kxh4 Rf3 90. Kg4 Rf2 91. Rxe3
Kh7 92. Kg5 Kh8 93. Kg6 Kg8 94. Re8+ Rf8 95. Re7 Kh8 96. Rh7+ Kg8 97. Rg7+ Kh8
98. Rd7 Kg8 99. Rd6 Kh8 100. Ra6 Kg8 101. Rc6 Rf4 102. Rc8+ Rf8 103. Rc7 Kh8
104. Re7 Kg8 105. Rb7 Kh8 106. Rb2 Kg8 107. Rd2 Kh8 108. Rd6 Kg8 109. Ra6 Kh8
110. Ra7 Kg8 111. Ra5 Kh8 112. Re5 Rg8+ 113. Kf7 Rg7+ 114. Kf6 Rg4 115. Re7 Kg8
116. Rc7 Kh8 117. Ke5 Rh4 118. Rb7 Kg8 119. Ke6 Kh8 120. Kf6 Kg8 121. Rb8+ Kh7
122. Kg5 Rh3 123. Rb7+ Kh8 124. Kg6 Rg3+ 125. Kf5 Kg8 126. Kf6 Rg2 127. Rc7 Kh8
128. Ra7 Kg8 129. Ke6 Kh8 130. Kd5 Kg8 131. Ke5 Kh8 132. Ke6 Kg8 133. Rc7 Kh8
134. Kd5 Kg8 135. Ke4 Kh8 136. Kf3 Rh2 137. Kg3 Rh1 138. Rc5 Kg8 139. Kg2 Re1
140. Kf2 Rh1 141. Ke3 Kh8 142. Rc7 Kg8 1/2-1/2

[Event "ICS rated standard match"]
[Site "204.178.125.65"]
[Date "2000.07.01"]
[Round "?"]
[White "Hossa"]
[Black "dilworth"]
[Result "0-1"]
[WhiteElo "2323"]
[BlackElo "2478"]
[PlyCount "124"]
[EventDate "2000.??.??"]

1. Nf3 d5 2. d4 e6 3. c4 dxc4 4. e3 b5 5. a4 b4 6. Bxc4 Bb7 7. Bb5+ c6 8. Bc4
Nd7 9. O-O Ngf6 10. a5 c5 11. a6 Bc6 12. Nbd2 Qc7 13. Nb3 Bd6 14. dxc5 Nxc5 15.
Nbd4 O-O 16. Nxc6 Qxc6 17. Qe2 Qc7 18. Bd2 Rab8 19. Rfc1 Nfe4 20. Be1 Rfc8 21.
Bb5 Qb6 22. Bd3 Nxd3 23. Rxc8+ Rxc8 24. Qxd3 Nf6 25. e4 Rd8 26. Qe2 Bc5 27. Rc1
Nd7 28. Bd2 Nb8 29. Ra1 Nc6 30. Bg5 f6 31. Bh4 Bd6 32. Qc4 Kf7 33. Rc1 Ne5 34.
Nxe5+ Bxe5 35. b3 Rd2 36. Rf1 Qd4 37. Qc6 Qd3 38. Qb7+ Kg6 39. g3 Bd4 40. g4
Qh3 41. Qxb4 Rd3 42. Qb5 Qxg4+ 43. Kh1 Qxe4+ 44. Kg1 Qg4+ 45. Kh1 Qf3+ 46. Kg1
Kh6 47. Bg3 Rxb3 48. Qc4 e5 49. Qc1+ Kg6 50. Qc2+ Rd3 51. Qc1 h6 52. Qc8 e4 53.
Qc2 f5 54. Qc8 e3 55. Qc1 Rd2 56. Qe1 e2 57. Bh4 Kh5 58. Bg3 Kg4 59. Qxe2 Rxe2
60. Rd1 Bxf2+ 61. Kf1 Bxg3+ 62. Kg1 Bxh2# {Hossa checkmated} 0-1

[Event "ICS Rated standard match"]
[Site "204.178.125.65"]
[Date "2000.07.01"]
[Round "?"]
[White "Hossa"]
[Black "Amy"]
[Result "0-1"]
[WhiteElo "2314"]
[BlackElo "2470"]
[PlyCount "118"]
[EventDate "2000.??.??"]

1. Nf3 Nf6 2. b3 g6 3. Bb2 d5 4. e3 c5 5. c4 dxc4 6. Bxc4 Bg7 7. O-O O-O 8. d3
Nc6 9. Ne5 Na5 10. Nc3 a6 11. d4 Nxc4 12. bxc4 Qc7 13. Re1 b6 14. Nd5 Nxd5 15.
cxd5 e6 16. e4 Re8 17. Qa4 Bb7 18. dxe6 Rxe6 19. Qc4 Qe7 20. f4 cxd4 21. Bxd4
g5 22. Rab1 gxf4 23. Nf3 Rc8 24. Qf1 Bxd4+ 25. Nxd4 Rxe4 26. Qf2 Qf6 27. Rxe4
Bxe4 28. Rd1 Qg5 29. Kh1 Qg6 30. Rg1 Qg4 31. Qe1 f5 32. Qd2 b5 33. Qf2 Rc4 34.
a3 Rc3 35. Qa2+ Kf8 36. Qb2 Rd3 37. Ne2 Kf7 38. Qa2+ Ke7 39. Qc2 f3 40. Qc5+
Rd6 41. Qc7+ Rd7 42. Qe5+ Kf7 43. h3 fxg2+ 44. Kh2 Qxe2 45. Qh8 f4 46. Qe5 Qf3
47. Qg5 Rd3 48. Qxg2 Qxg2+ 49. Rxg2 Bxg2 50. Kxg2 f3+ 51. Kf2 Rxa3 52. h4 b4
53. h5 b3 54. Kxf3 b2+ 55. Ke4 b1=Q+ 56. Kd5 Qb5+ 57. Kd6 Rd3+ 58. Kc7 Rd7+ 59.
Kc8 Qb7# {Hossa checkmated} 0-1

[Event "ICS rated bullet match"]
[Site "204.178.125.65"]
[Date "2000.07.01"]
[Round "?"]
[White "jazzchess2"]
[Black "Hossa"]
[Result "0-1"]
[WhiteElo "1142"]
[BlackElo "2557"]
[PlyCount "30"]
[EventDate "2000.??.??"]

1. d4 c5 2. c4 cxd4 3. Qxd4 Nc6 4. Qd1 Nf6 5. Nc3 Ne5 6. b3 d6 7. Bb2 Bf5 8.
Nf3 e6 9. e3 Nxf3+ 10. Qxf3 Qc7 11. Be2 Bg4 12. Qg3 Bxe2 13. Nxe2 Ne4 14. Qf3
Qa5+ 15. Kd1 Qd2# 0-1

[Event "ICS rated standard match"]
[Site "204.178.125.65"]
[Date "2000.07.01"]
[Round "?"]
[White "Amateur"]
[Black "Hossa"]
[Result "1/2-1/2"]
[WhiteElo "2349"]
[BlackElo "2305"]
[PlyCount "68"]
[EventDate "2000.??.??"]

1. e4 c5 2. Nf3 Nc6 3. Nc3 Nf6 4. Bc4 Nxe4 5. Bxf7+ Kxf7 6. Nxe4 Kg8 7. Nxc5 e5
8. Nb3 e4 9. Nfd4 Nxd4 10. Nxd4 Qf6 11. c3 d5 12. O-O b6 13. Qa4 Qf7 14. f3 Qd7
15. Qd1 Ba6 16. Rf2 Rc8 17. fxe4 dxe4 18. Nf5 Rd8 19. Qb3+ Qd5 20. Ne3 Qxb3 21.
axb3 Bd3 22. Rxa7 h5 23. Kh1 Rh6 24. Rf5 Rh7 25. Rff7 Rh6 26. h3 Rg6 27. c4 Bd6
28. Rf5 h4 29. Ra6 Rb8 30. Rb5 Bg3 31. Rf5 Bd6 32. Ra7 Rd8 33. Rh5 Rf8 34. Rf5
Rd8 1/2-1/2

[Event "ICS rated standard match"]
[Site "204.178.125.65"]
[Date "2000.07.01"]
[Round "?"]
[White "ET2000"]
[Black "Hossa"]
[Result "1-0"]
[WhiteElo "2665"]
[BlackElo "2307"]
[PlyCount "99"]
[EventDate "2000.??.??"]

1. e4 c5 2. Nf3 b6 3. d4 cxd4 4. Nxd4 Bb7 5. Nc3 Nc6 6. Bf4 Nxd4 7. Qxd4 f6 8.
Qa4 e5 9. Be3 Bc5 10. Bxc5 bxc5 11. O-O-O Ne7 12. Bb5 Bc8 13. Rd6 O-O 14. Qc4+
Kh8 15. Qxc5 a6 16. Ba4 Rb8 17. Bxd7 Bxd7 18. Qa7 Nc8 19. Qxb8 Nxd6 20. Qxd6
Qc8 21. Rd1 Be6 22. b3 Re8 23. Nd5 Bf7 24. f3 Re6 25. Qc7 Qf8 26. Kb2 Re8 27.
c4 Bg6 28. Qb6 Rd8 29. Qxa6 Ra8 30. Qb6 Bf7 31. Qb4 Qg8 32. a4 Bh5 33. c5 Rb8
34. Qc3 Bf7 35. c6 Re8 36. c7 Be6 37. Qc6 Qf8 38. Qxe8 Qxe8 39. Ne7 Qxe7 40.
Rd8+ Bg8 41. c8=Q h6 42. Rxg8+ Kh7 43. Rh8+ Kg6 44. h4 Kf7 45. Qg8+ Kg6 46. g4
f5 47. Rxh6+ Kxh6 48. Qh8+ Kg6 49. Qh5+ Kf6 50. Qxf5# 1-0

[Event "ICS rated standard match"]
[Site "204.178.125.65"]
[Date "2000.07.01"]
[Round "?"]
[White "Hossa"]
[Black "PostModernist"]
[Result "0-1"]
[WhiteElo "2303"]
[BlackElo "2409"]
[PlyCount "194"]
[EventDate "2000.??.??"]

1. e4 c6 2. Qe2 d5 3. d3 dxe4 4. dxe4 e5 5. Nf3 Bg4 6. Be3 Nd7 7. Nbd2 Qa5 8.
h3 Bxf3 9. Qxf3 Bc5 10. Bxc5 Qxc5 11. O-O-O Ngf6 12. g4 O-O-O 13. g5 Ne8 14.
Qxf7 Rf8 15. Qh5 Rxf2 16. Bd3 Nf8 17. Rhf1 Rxf1 18. Rxf1 Nd6 19. Kb1 Qe3 20.
Qg4+ Kc7 21. Nf3 Nd7 22. g6 hxg6 23. Re1 Qh6 24. Ng5 Re8 25. Qg3 Nc5 26. h4 Qh5
27. Qf2 Ne6 28. Nxe6+ Rxe6 29. Rg1 Rf6 30. Qxa7 Rf4 31. Qa5+ Kd7 32. Re1 Qxh4
33. Rd1 Qg4 34. Rc1 Qh5 35. Qb4 Rh4 36. Qe1 g5 37. Qc3 g4 38. Be2 Ke8 39. Qa3
Qg6 40. Rd1 Rh6 41. Qa8+ Ke7 42. Qa5 Qe6 43. Qc7+ Qd7 44. Qb6 Rh2 45. Bc4 Ke8
46. Qg1 Rh6 47. Be2 Rg6 48. Qh2 Qe6 49. Qh8+ Ke7 50. Rf1 g3 51. Qh4+ Kd7 52.
Bh5 g2 53. Rg1 Rf6 54. Be2 Rh6 55. Qg5 Qg6 56. Bg4+ Kc7 57. Qe7+ Kb6 58. Qd8+
Kc5 59. Qa5+ Nb5 60. b4+ Kd4 61. Rxg2 Kxe4 62. a4 Nc3+ 63. Kb2 Nd1+ 64. Kb1 Qd6
65. Bc8 Ne3 66. Rg1 Qd2 67. Qc5 b6 68. Rg4+ Kf3 69. Qf8+ Ke2 70. Ba6+ b5 71.
Qc5 Rh1+ 72. Ka2 Rc1 73. Kb3 Rb1+ 74. Ka2 Qc1 75. Qc3 Nxg4 76. axb5 cxb5 77.
Bxb5+ Kf2 78. Bc6 Ne3 79. Be4 g5 80. Qxe5 Nd1 81. Qd4+ Qe3 82. Qxe3+ Kxe3 83.
Bf5 Nc3+ 84. Ka3 Kf3 85. Bg6 g4 86. Bh5 Nb5+ 87. Ka4 Kf4 88. Kxb5 g3 89. Bf7 g2
90. c4 g1=Q 91. Bd5 Ke5 92. Kc6 Rxb4 93. c5 Qg6+ 94. Kd7 Kxd5 95. Kd8 Qg8+ 96.
Ke7 Rb7+ 97. Kf6 Rf7# 0-1

[Event "ICS rated blitz match"]
[Site "204.178.125.65"]
[Date "2000.07.01"]
[Round "?"]
[White "Hossa"]
[Black "PostModernist"]
[Result "1-0"]
[WhiteElo "2386"]
[BlackElo "2665"]
[PlyCount "113"]
[EventDate "2000.??.??"]

1. e4 c6 2. d3 g6 3. Nf3 Bg7 4. Be2 d5 5. O-O Nf6 6. e5 Nfd7 7. Bf4 c5 8. c3
O-O 9. Nbd2 Nc6 10. d4 b6 11. Bb5 Bb7 12. Rc1 a6 13. Bd3 cxd4 14. cxd4 e6 15.
Qe2 f6 16. exf6 Qxf6 17. Bd6 Rfe8 18. Rxc6 Bxc6 19. Bxa6 Nb8 20. Rc1 Bd7 21.
Bd3 Rxa2 22. Ne5 Ba4 23. Bb5 Rd8 24. Ba3 Bxb5 25. Qxb5 Bh6 26. Ng4 Qh4 27.
Nxh6+ Qxh6 28. Qxb6 Re8 29. Rc8 Rxc8 30. Qxe6+ Kg7 31. Qxc8 Rxa3 32. Qc7+ Nd7
33. Qxd7+ Kf8 34. Qd8+ Kg7 35. Qe7+ Kg8 36. Qe8+ Kg7 37. Qe5+ Kf8 38. Qd6+ Ke8
39. bxa3 Qxd2 40. Qe6+ Kf8 41. Qf6+ Ke8 42. Qe5+ Kf8 43. h4 Qc1+ 44. Kh2 Qxa3
45. Qh8+ Kf7 46. Qxh7+ Kf6 47. h5 gxh5 48. Qxh5 Qd6+ 49. Kh3 Qe6+ 50. Kg3 Ke7
51. Qe5 Qxe5+ 52. dxe5 d4 53. Kf4 Ke6 54. Ke4 d3 55. Kxd3 Kxe5 56. Ke3 Kf5 57.
f4 1-0

[Event "ICS rated blitz match"]
[Site "204.178.125.65"]
[Date "2000.07.01"]
[Round "?"]
[White "Amateur"]
[Black "Hossa"]
[Result "0-1"]
[WhiteElo "2552"]
[BlackElo "2413"]
[PlyCount "144"]
[EventDate "2000.??.??"]

1. e4 c5 2. Nf3 Nc6 3. d4 cxd4 4. Nxd4 Qb6 5. Nb3 Nf6 6. Nc3 e6 7. Bd3 Bb4 8.
O-O Bxc3 9. bxc3 Qc7 10. Qf3 d6 11. Qg3 O-O 12. Bh6 Ne8 13. Rad1 d5 14. Bf4 e5
15. Bg5 dxe4 16. Bxe4 Nd6 17. Bh6 Ne8 18. a4 Ne7 19. Bg5 f6 20. Bc1 Nd6 21. Bd3
Be6 22. Ba3 Rfd8 23. Nc5 Bd5 24. Qg4 f5 25. Qg5 h6 26. Qh4 Ng6 27. Qg3 Nf4 28.
Rfe1 Nc4 29. Bxc4 Bxc4 30. Nd3 Bxd3 31. cxd3 Qxc3 32. d4 Rac8 33. Rxe5 Rxd4 34.
Qxc3 Rxd1+ 35. Qe1 Rxe1+ 36. Rxe1 Nd5 37. a5 b5 38. axb6 Nxb6 39. f4 Nc4 40.
Be7 a5 41. Rd1 a4 42. Rd7 Ra8 43. Bc5 a3 44. Bd4 a2 45. Ba1 Rb8 46. Kf2 Rb1 47.
Bxg7 Nb2 48. Ra7 a1=R 49. Rxa1 Rxa1 50. Bxh6 Ra2 51. h3 Nd3+ 52. Kf1 Ra4 53.
Ke2 Nxf4+ 54. Kf3 Nh5 55. Bc1 Kf7 56. Kf2 Ra2+ 57. Kf3 f4 58. Bxf4 Nxf4 59.
Kxf4 Rxg2 60. Kf3 Rh2 61. Kg4 Rf2 62. Kg3 Rf6 63. Kg4 Kg6 64. Kg3 Kg5 65. Kh2
Kh4 66. Kg2 Rf5 67. Kh2 Rf2+ 68. Kg1 Kg3 69. h4 Rf5 70. h5 Rxh5 71. Kf1 Re5 72.
Kg1 Re1# 0-1

[Event "ICS rated bullet match"]
[Site "204.178.125.65"]
[Date "2000.07.01"]
[Round "?"]
[White "harimau"]
[Black "Hossa"]
[Result "1-0"]
[WhiteElo "2812"]
[BlackElo "2557"]
[PlyCount "115"]
[EventDate "2000.??.??"]

1. e4 c5 2. Nc3 Nc6 3. g3 g6 4. Bg2 Bg7 5. d3 Rb8 6. f4 c4 7. dxc4 Bxc3+ 8.
bxc3 d6 9. c5 dxc5 10. Qxd8+ Nxd8 11. a4 b6 12. e5 Nh6 13. a5 Bb7 14. Nf3 f6
15. O-O fxe5 16. axb6 axb6 17. Nxe5 Bxg2 18. Kxg2 Nhf7 19. Nxf7 Kxf7 20. f5 Nc6
21. fxg6+ Kxg6 22. Ra6 Kg7 23. Be3 Rhc8 24. Rb1 c4 25. Rbxb6 Rxb6 26. Rxb6 e5
27. Kf3 Rc7 28. Ke4 h5 29. Kd5 Ne7+ 30. Kxe5 Rd7 31. Ke6 Rc7 32. Bf4 Rc6+ 33.
Rxc6 Nxc6 34. Kd5 Nd8 35. Kxc4 Ne6 36. Kd5 Kf7 37. c4 Nf8 38. c5 Nd7 39. c6
Nb6+ 40. Kd6 Ke8 41. c7 Nc8+ 42. Kc6 Ne7+ 43. Kb7 Kd7 44. c4 h4 45. Bg5 Nc8 46.
c5 h3 47. g4 Na7 48. c6+ Kd6 49. Bf4+ Kd5 50. Kxa7 Kxc6 51. c8=Q+ Kd5 52. Qf5+
Kc4 53. Qe4+ Kc3 54. Ka6 Kb2 55. Qc4 Ka1 56. Qc1+ Ka2 57. Qc2+ Ka3 58. Bd6# {
Hossa checkmated} 1-0